The Winn- Lakes - Statistics

General Stats
  • This quiz has been taken 15 times
  • The average score is 4 of 11
Answer Stats
sq mi Lake km² % Correct
9,465 Lake Winnipeg 24,514
100%
2,070 Lake Winnipegosis 5,370
57%
206 Lake Winnebago 534
43%
71 Lake Winnipesaukee 180
43%
88 Lake Winnibigoshish 229
29%
6.6 Lake Winnisquam 17
29%
22 Lake Winneconne 57
14%
3.9 Lake Winnecook 10
14%
9.4 Lake Winneshiek 24
14%
1.3 Lake Winnsboro 3.3
14%
1.5 Little Winnibigoshish 3.8
14%
No matching quizzes found
Score Distribution
Percent of People with Each Score
Percentile by Number Answered
Your Score History
You have not taken this quiz